Bangladesh : Request for a Three-Year Arrangement Under the Extended Credit Facility.

The government of the People's Republic of Bangladesh has requested a three-year Extended Credit Facility (ECF) arrangement with access of 120 percent of quota in support of their reform program. It aims to restore macroeconomic stability, strengthen the external position, and engender higher,...

ver descrição completa

Detalhes bibliográficos
Autor Corporativo: International Monetary Fund
Formato: Periódico
Idioma:English
Publicado em: Washington, D.C. : International Monetary Fund, 2012.
Colecção:IMF Staff Country Reports; Country Report ; No. 2012/094
Acesso em linha:Full text available on IMF
LEADER 01544cas a2200241 a 4500
001 AALejournalIMF011813
008 230101c9999 xx r poo 0 0eng d
020 |c 5.00 USD 
020 |z 9781475503074 
022 |a 1934-7685 
040 |a BD-DhAAL  |c BD-DhAAL 
110 2 |a International Monetary Fund. 
245 1 0 |a Bangladesh :   |b Request for a Three-Year Arrangement Under the Extended Credit Facility. 
264 1 |a Washington, D.C. :  |b International Monetary Fund,  |c 2012. 
300 |a 1 online resource (83 pages) 
490 1 |a IMF Staff Country Reports 
500 |a <strong>Off-Campus Access:</strong> No User ID or Password Required 
500 |a <strong>On-Campus Access:</strong> No User ID or Password Required 
506 |a Electronic access restricted to authorized BRAC University faculty, staff and students 
520 3 |a The government of the People's Republic of Bangladesh has requested a three-year Extended Credit Facility (ECF) arrangement with access of 120 percent of quota in support of their reform program. It aims to restore macroeconomic stability, strengthen the external position, and engender higher, more inclusive growth. Under the ECF-supported program, the main components are upfront macro-tightening measures buttressed by greater exchange and interest rate flexibility. 
538 |a Mode of access: Internet 
830 0 |a IMF Staff Country Reports; Country Report ;  |v No. 2012/094 
856 4 0 |z Full text available on IMF  |u http://elibrary.imf.org/view/journals/002/2012/094/002.2012.issue-094-en.xml  |z IMF e-Library